[Event "Corfu Chess Festival 2009"]
[Site "Municipal Theatre of Kerkyra, "]
[Date "2009.09.07"]
[Round "3.1"]
[White "Marek, Herbert"]
[Black "Skalkotas, Nikolaos"]
[Result "0-1"]
[WhiteElo "1915"]
[BlackElo "2202"]
[PlyCount "62"]
[EventDate "2009.09.05"]
[EventRounds "9"]
[EventCountry "GRE"]

1. d4 Nf6 2. c4 g6 3. Nc3 Bg7 4. e4 d6 5. Nf3 O-O 6. Be2 e5 7. Be3 Ng4 8. Bg5
f6 9. Bh4 Na6 10. h3 Nh6 11. g4 Nf7 12. Bg3 Qe8 13. d5 Bh6 14. Nh2 Bf4 15. h4
Bd7 16. a3 Nc5 17. Bxf4 exf4 18. f3 a5 19. Nf1 a4 20. Rb1 Ne5 21. Kf2 f5 22.
gxf5 gxf5 23. Nd2 Kh8 24. Qc2 Qh5 25. Rbg1 Rg8 26. Qb1 b6 27. Nb5 Rxg1 28. Qxg1
fxe4 29. Nxe4 Nxe4+ 30. fxe4 f3 31. Bf1 Rg8 0-1

[Event "Corfu Chess Festival 2009"]
[Site "Municipal Theatre of Kerkyra, "]
[Date "2009.09.07"]
[Round "3.1"]
[White "Trifonas, Spyridon"]
[Black "Hreppas, Ilias"]
[Result "1/2-1/2"]
[WhiteElo "2225"]
[BlackElo "1784"]
[PlyCount "55"]
[EventDate "2009.09.05"]
[EventRounds "9"]
[EventCountry "GRE"]

1. e4 d5 2. exd5 Nf6 3. d4 Nxd5 4. Nf3 Bf5 5. Bc4 e6 6. O-O Be7 7. Re1 O-O 8.
Nbd2 a5 9. c3 c6 10. a4 Nd7 11. Nf1 Qc7 12. Ng3 Bg6 13. Bxd5 cxd5 14. Qe2 Ra6
15. h4 h6 16. h5 Bh7 17. Ne5 Bd6 18. Nxd7 Qxd7 19. Qf3 Qc7 20. Ne2 Be4 21. Qe3
Re8 22. f3 Bh7 23. Nf4 Re7 24. Bd2 Qc4 25. Qe2 Qc7 26. Qe3 Qc4 27. Qe2 Qc7 28.
Qe3 1/2-1/2

[Event "Corfu Chess Festival 2009"]
[Site "Municipal Theatre of Kerkyra, "]
[Date "2009.09.08"]
[Round "4.1"]
[White "Banikas, Hristos"]
[Black "Karpatchev, Aleksandr"]
[Result "1/2-1/2"]
[WhiteElo "2599"]
[BlackElo "2477"]
[PlyCount "23"]
[EventDate "2009.09.05"]
[EventRounds "9"]
[EventCountry "GRE"]

1. d4 d5 2. c4 dxc4 3. e3 Nf6 4. Bxc4 e6 5. Nf3 a6 6. O-O c5 7. Bb3 b5 8. a4 b4
9. e4 Bb7 10. e5 Ne4 11. Nbd2 Nxd2 12. Bxd2 1/2-1/2

[Event "Corfu Chess Festival 2009"]
[Site "Municipal Theatre of Kerkyra, "]
[Date "2009.09.08"]
[Round "4.1"]
[White "Gazis, Efstathios"]
[Black "Rotstein, Arkadij"]
[Result "0-1"]
[WhiteElo "2295"]
[BlackElo "2538"]
[PlyCount "62"]
[EventDate "2009.09.05"]
[EventRounds "9"]
[EventCountry "GRE"]

1. e4 c5 2. Nf3 e6 3. d4 cxd4 4. Nxd4 Nc6 5. Nb5 d6 6. c4 Nf6 7. N1c3 a6 8. Nd4
Be7 9. Be2 O-O 10. Be3 Bd7 11. O-O Rc8 12. Rc1 Ne5 13. b3 Re8 14. f4 Ng6 15.
Kh1 Qa5 16. Qd2 Bd8 17. a4 e5 18. Nf5 exf4 19. Nxd6 fxe3 20. Qxe3 Bb6 21. Qd3
Qg5 22. Nxe8 Rxe8 23. Nd5 Nxd5 24. cxd5 f5 25. Bf3 Ne5 26. Qe2 Nxf3 27. gxf3
fxe4 28. fxe4 Bh3 29. Rfe1 Rf8 30. d6 Rf2 31. Qc4+ Kf8 0-1

[Event "Corfu Chess Festival 2009"]
[Site "Municipal Theatre of Kerkyra, "]
[Date "2009.09.08"]
[Round "4.1"]
[White "Romanishin, Oleg M"]
[Black "Morawietz, Dieter"]
[Result "1-0"]
[WhiteElo "2515"]
[BlackElo "2449"]
[PlyCount "191"]
[EventDate "2009.09.05"]
[EventRounds "9"]
[EventCountry "GRE"]

1. Nf3 Nf6 2. g3 b5 3. Bg2 Bb7 4. O-O e6 5. d3 Be7 6. e4 d6 7. Na3 a6 8. c4 c6
9. Re1 O-O 10. d4 bxc4 11. e5 Ne8 12. exd6 Nxd6 13. Ne5 Ra7 14. Bd2 c3 15. Bxc3
Nb5 16. Nxb5 cxb5 17. d5 Bxd5 18. Qd4 Bxg2 19. Qxa7 Bd5 20. Ba5 Qxa5 21. Qxe7
Qd2 22. Qa3 b4 23. Qe3 Qxb2 24. Nd3 Qa3 25. Nf4 Qa5 26. Nxd5 Qxd5 27. Red1 Qb5
28. Rac1 Nd7 29. Qd3 Nf6 30. Qxb5 axb5 31. Rc7 Nd5 32. Rb7 g6 33. Rd2 Nc3 34.
h4 h5 35. Kg2 Nd5 36. Rxb5 Ra8 37. Rb7 Ra3 38. Re2 Kg7 39. Rxe6 Rxa2 40. Re5
Rd2 41. Rb5 Nf6 42. Re3 Ng4 43. Rf3 Rb2 44. Rb7 Nh6 45. Rf4 b3 46. Rf3 Rc2 47.
Rbxb3 Nf5 48. Rbc3 Rb2 49. Rc7 Nh6 50. Rf4 Ra2 51. Rfc4 Ng4 52. Rc2 Ra3 53. Re2
Nh6 54. Rc4 Nf5 55. Rc7 Nh6 56. Rec2 Ng4 57. R7c3 Ra4 58. f3 Nh6 59. Rc4 Ra3
60. g4 hxg4 61. fxg4 Rb3 62. Rf2 Ra3 63. Rf3 Ra1 64. Rcf4 Ra5 65. Kh3 Rb5 66.
g5 Nf5 67. h5 Rb1 68. hxg6 fxg6 69. Ra3 Re1 70. Ra7+ Kg8 71. Rb4 Ne7 72. Rb6
Kf7 73. Rf6+ Kg7 74. Kg3 Kg8 75. Kf2 Re5 76. Rf3 Nc6 77. Ra6 Ne7 78. Raf6 Kh8
79. Rf8+ Ng8 80. Rg3 Kg7 81. Rff3 Ra5 82. Re3 Rf5+ 83. Ke2 Kf7 84. Rgf3 Ne7 85.
Re5 Rxf3 86. Kxf3 Nc6 87. Rd5 Ke6 88. Ke4 Nb8 89. Ra5 Nd7 90. Ra6+ Kf7 91. Kd5
Nf8 92. Ra7+ Kg8 93. Ke5 Nh7 94. Ra8+ Kg7 95. Ra7+ Kg8 96. Rxh7 1-0

[Event "Corfu Chess Festival 2009"]
[Site "Municipal Theatre of Kerkyra, "]
[Date "2009.09.08"]
[Round "4.1"]
[White "Akstinat, Sven-Holger"]
[Black "Skiadopoulos, Nikolaos"]
[Result "1/2-1/2"]
[WhiteElo "2128"]
[BlackElo "2137"]
[PlyCount "115"]
[EventDate "2009.09.05"]
[EventRounds "9"]
[EventCountry "GRE"]

1. e4 c5 2. c3 Nf6 3. e5 Nd5 4. d4 cxd4 5. Nf3 Nc6 6. Bc4 Nb6 7. Bb3 d5 8. exd6
Qxd6 9. O-O Be6 10. Na3 a6 11. Bxe6 Qxe6 12. Nxd4 Qd7 13. Nac2 Nxd4 14. Nxd4 e6
15. Qe2 Be7 16. Rd1 Rd8 17. Bf4 Nd5 18. Be5 f6 19. Bg3 e5 20. Nc2 Qc6 21. c4
Nc7 22. Rxd8+ Kxd8 23. Ne3 Bc5 24. Rd1+ Kc8 25. Nd5 Re8 26. b4 Bf8 27. Qe3 Kb8
28. Nxc7 Qxc7 29. c5 Rd8 30. Rxd8+ Qxd8 31. h3 g5 32. Qf3 Be7 33. Qh5 Qg8 34.
h4 g4 35. Qf5 Bd8 36. a4 h6 37. b5 axb5 38. axb5 Qd5 39. Qc2 Be7 40. c6 bxc6
41. bxc6 Kc7 42. Qh7 Qe6 43. Qxh6 Kxc6 44. Qg7 Bd6 45. Qg6 Kd7 46. h5 f5 47.
Qg7+ Kc6 48. Bh4 e4 49. Qg6 Qxg6 50. hxg6 Be5 51. Bg5 Bg7 52. Kf1 Kd5 53. Ke2
Ke5 54. Ke3 Bf8 55. f3 Bc5+ 56. Ke2 Ke6 57. Bh4 Bd4 58. Bg5 1/2-1/2

[Event "Corfu Chess Festival 2009"]
[Site "Municipal Theatre of Kerkyra, "]
[Date "2009.09.08"]
[Round "4.1"]
[White "Skalkotas, Nikolaos"]
[Black "Simeonidis, Ioannis"]
[Result "1/2-1/2"]
[WhiteElo "2202"]
[BlackElo "2260"]
[PlyCount "78"]
[EventDate "2009.09.05"]
[EventRounds "9"]
[EventCountry "GRE"]

1. Nf3 Nf6 2. e3 d5 3. c4 e6 4. b3 c5 5. Bb2 Nc6 6. cxd5 exd5 7. Bb5 Bd6 8.
Bxc6+ bxc6 9. d3 O-O 10. Nbd2 Bg4 11. Qc2 Re8 12. O-O Nd7 13. Rac1 Re6 14. Rfe1
Rg6 15. Kf1 Rh6 16. Qc3 f6 17. h3 Bf5 18. e4 Bg6 19. b4 Rb8 20. bxc5 Nxc5 21.
Ba1 Rh5 22. Qd4 Ne6 23. Qxa7 Nf4 24. Qe3 Qd7 25. Ng1 Rg5 26. g4 dxe4 27. dxe4
Rgb5 28. Nc4 Bc7 29. Ne2 Qd3 30. Rc3 Qxe3 31. Rxe3 Bf7 32. Nd2 Bxa2 33. Ra3 Be6
34. Nd4 Ra5 35. Rc3 Rba8 36. Bb2 Ra2 37. Nxe6 Nxe6 38. Nc4 Kf7 39. Rd1 Ke8
1/2-1/2

[Event "Corfu Chess Festival 2009"]
[Site "Municipal Theatre of Kerkyra, "]
[Date "2009.09.08"]
[Round "4.1"]
[White "Delithanasis, Dimitrios"]
[Black "Roumeliotis, Angelos"]
[Result "1-0"]
[WhiteElo "2244"]
[BlackElo "1870"]
[PlyCount "65"]
[EventDate "2009.09.05"]
[EventRounds "9"]
[EventCountry "GRE"]

1. Nf3 d5 2. d4 Nf6 3. c4 c6 4. Nc3 e6 5. Bg5 Be7 6. e3 Nbd7 7. Bd3 dxc4 8.
Bxc4 Nb6 9. Bb3 Bd7 10. e4 Bb4 11. Qe2 h6 12. Bh4 Rg8 13. O-O-O g5 14. Bg3 Bxc3
15. bxc3 Qe7 16. Kb2 Nh5 17. Ne5 Nxg3 18. hxg3 O-O-O 19. Rxh6 Be8 20. Nd3 Qf8
21. Rdh1 Na8 22. e5 Nc7 23. Nc5 b6 24. Ne4 Nb5 25. a4 Qa3+ 26. Kc2 Nc7 27. Nd6+
Rxd6 28. exd6 Qxd6 29. Rh8 Rxh8 30. Rxh8 Kb7 31. Qe5 Qa3 32. Qxg5 c5 33. Qc1
1-0

[Event "Corfu Chess Festival 2009"]
[Site "Municipal Theatre of Kerkyra, "]
[Date "2009.09.08"]
[Round "4.1"]
[White "Simone, Marco"]
[Black "Doehner, Hans-Juergen Prof"]
[Result "0-1"]
[WhiteElo "1865"]
[BlackElo "2177"]
[PlyCount "86"]
[EventDate "2009.09.05"]
[EventRounds "9"]
[EventCountry "GRE"]

1. e4 e5 2. Nf3 Nc6 3. Bc4 Nf6 4. d4 Nxe4 5. O-O d5 6. Bb5 Bd7 7. dxe5 Ne7 8.
Be2 c6 9. Nbd2 Qc7 10. c4 Nc5 11. Nb3 Ne6 12. Nbd4 Nxd4 13. Qxd4 c5 14. Qf4 Ng6
15. Qg3 Be6 16. cxd5 Bxd5 17. Bb5+ Bc6 18. Bxc6+ Qxc6 19. Bg5 h6 20. Be3 Be7
21. h4 h5 22. Rac1 b6 23. Nd4 Qe4 24. Nb5 O-O 25. Bg5 Bxg5 26. hxg5 Qxe5 27.
Qxe5 Nxe5 28. f4 Nd3 29. Rc2 a6 30. Nc7 Ra7 31. Nd5 b5 32. a3 Rd8 33. Ne3 g6
34. Rd2 c4 35. Rfd1 Rad7 36. Nc2 a5 37. Ne1 Nc5 38. Rxd7 Rxd7 39. Rxd7 Nxd7 40.
Kf2 Nc5 41. Ke3 Na4 42. Kd4 Nxb2 43. Kc5 Nd3+ 0-1

[Event "Corfu Chess Festival 2009"]
[Site "Municipal Theatre of Kerkyra, "]
[Date "2009.09.08"]
[Round "4.1"]
[White "Pountzas, Hrisanthos"]
[Black "Amiridou, Dimitra"]
[Result "1-0"]
[WhiteElo "2168"]
[BlackElo "1625"]
[PlyCount "71"]
[EventDate "2009.09.05"]
[EventRounds "9"]
[EventCountry "GRE"]

1. c4 Nf6 2. Nc3 d5 3. cxd5 Nxd5 4. g3 g6 5. Bg2 Nb6 6. d3 Bg7 7. Nf3 O-O 8. h4
h5 9. Bg5 N8d7 10. Qd2 Re8 11. O-O Nf6 12. a4 a5 13. Bh6 Bh8 14. Rfc1 c6 15.
Bf4 Nbd7 16. Ne5 Nc5 17. Qd1 Qb6 18. Nc4 Qb3 19. Rc2 Qb4 20. Na2 Qb3 21. Nc1
Qb4 22. Bd2 Nb3 23. Nxb3 Qxb3 24. Ra3 Qxa3 25. bxa3 Be6 26. Qb1 Bxc4 27. Rxc4
Rab8 28. Qb6 Red8 29. Bxa5 Rd7 30. Rxc6 Nd5 31. Bxd5 Rxd5 32. Rxg6+ fxg6 33.
Qe6+ Kh7 34. Qf7+ Bg7 35. Qxd5 Ra8 36. Bb4 1-0

[Event "Corfu Chess Festival 2009"]
[Site "Municipal Theatre of Kerkyra, "]
[Date "2009.09.08"]
[Round "4.1"]
[White "Ioannidis, Evgenios"]
[Black "Meyner, Hannes"]
[Result "1/2-1/2"]
[WhiteElo "1683"]
[BlackElo "2114"]
[PlyCount "108"]
[EventDate "2009.09.05"]
[EventRounds "9"]
[EventCountry "GRE"]

1. e4 c6 2. d4 d5 3. Nc3 dxe4 4. Nxe4 Bf5 5. Ng3 Bg6 6. h4 h6 7. Nf3 Nd7 8. h5
Bh7 9. Bd3 Bxd3 10. Qxd3 e6 11. Bf4 Qa5+ 12. Bd2 Bb4 13. c3 Be7 14. c4 Qc7 15.
O-O-O Ngf6 16. Kb1 b5 17. c5 O-O 18. Rhe1 Rfe8 19. Ne4 Rad8 20. Qa3 Nxe4 21.
Rxe4 Nf6 22. Bf4 Bxc5 23. Qxc5 Nxe4 24. Bxc7 Nxc5 25. Bxd8 Rxd8 26. Ne5 Ne4 27.
Nxc6 Rd7 28. Ne5 Rd5 29. Rc1 Nd6 30. Nc6 Rxh5 31. Nxa7 Rd5 32. Rc5 h5 33. Nc6
Kf8 34. Rxd5 exd5 35. Nb4 g5 36. Nxd5 h4 37. f3 f5 38. Ne3 f4 39. Ng4 Nf5 40.
Kc2 Nxd4+ 41. Kd3 Ne6 42. Ke4 Ke7 43. Ke5 Nc5 44. Kf5 Nd3 45. Kxg5 Ne1 46. Kxh4
Nxg2+ 47. Kg5 Kd6 48. Nf2 Kd5 49. Nd3 Kd4 50. Nxf4 Ne1 51. Ne6+ Ke5 52. Nc7
Nxf3+ 53. Kg4 Nd4 54. Nxb5 Nxb5 1/2-1/2

[Event "Corfu Chess Festival 2009"]
[Site "Municipal Theatre of Kerkyra, "]
[Date "2009.09.09"]
[Round "5.1"]
[White "Karpatchev, Aleksandr"]
[Black "Skembris, Spyridon"]
[Result "1-0"]
[WhiteElo "2477"]
[BlackElo "2474"]
[PlyCount "55"]
[EventDate "2009.09.05"]
[EventRounds "9"]
[EventCountry "GRE"]

1. e4 c5 2. Nf3 Nc6 3. c3 d5 4. exd5 Qxd5 5. d4 Nf6 6. Be3 cxd4 7. cxd4 e6 8.
Nc3 Qd6 9. a3 Be7 10. Bd3 O-O 11. O-O b6 12. Qe2 Bb7 13. Rad1 Rad8 14. Rfe1 Qb8
15. Bb1 Rfe8 16. Ng5 Bd6 17. Nce4 Nxe4 18. Bxe4 f5 19. Bxf5 Bxh2+ 20. Kh1 h6
21. Bxe6+ Rxe6 22. Nxe6 Rd7 23. Qg4 Kh8 24. f4 Qd6 25. d5 Ne5 26. fxe5 Bxe5 27.
Bf4 Bxf4 28. Qxf4 1-0

[Event "Corfu Chess Festival 2009"]
[Site "Municipal Theatre of Kerkyra, "]
[Date "2009.09.09"]
[Round "5.1"]
[White "Morawietz, Dieter"]
[Black "Banikas, Hristos"]
[Result "0-1"]
[WhiteElo "2449"]
[BlackElo "2599"]
[PlyCount "116"]
[EventDate "2009.09.05"]
[EventRounds "9"]
[EventCountry "GRE"]

1. e4 c5 2. Nf3 d6 3. d4 cxd4 4. Nxd4 Nf6 5. Nc3 a6 6. Bc4 e6 7. Bb3 b5 8. O-O
Be7 9. Qf3 Qc7 10. Qg3 O-O 11. Bh6 Ne8 12. Rad1 Bd7 13. Nce2 Nc6 14. c3 Kh8 15.
Bc1 Nf6 16. f3 Na5 17. Bc2 e5 18. Nf5 Bxf5 19. exf5 d5 20. Rfe1 Qa7+ 21. Kh1
Bc5 22. Qh3 Nc4 23. Ng3 Be3 24. b3 Bxc1 25. bxc4 Bb2 26. cxd5 Bxc3 27. Re2 Bd4
28. Ne4 Qb6 29. Nxf6 Qxf6 30. Qg4 Rac8 31. Qe4 g5 32. g3 Rg8 33. Bb3 a5 34. Rc2
a4 35. Rxc8 Rxc8 36. Bc2 Qh6 37. d6 Kg7 38. f6+ Qxf6 39. Qxh7+ Kf8 40. Qf5 Qxf5
41. Bxf5 Rd8 42. d7 b4 43. Bc2 b3 44. axb3 a3 45. Bb1 Rxd7 46. f4 Rb7 47. fxe5
Rxb3 48. Ba2 Rb2 49. Rxd4 Rxa2 50. Ra4 g4 51. Ra7 Ke8 52. h4 gxh3 53. g4 Kf8
54. g5 Kg8 55. Kg1 Rg2+ 56. Kh1 a2 57. g6 Re2 58. gxf7+ Kg7 0-1

[Event "Corfu Chess Festival 2009"]
[Site "Municipal Theatre of Kerkyra, "]
[Date "2009.09.09"]
[Round "5.1"]
[White "Doehner, Hans-Juergen Prof"]
[Black "Gazis, Efstathios"]
[Result "0-1"]
[WhiteElo "2177"]
[BlackElo "2295"]
[PlyCount "103"]
[EventDate "2009.09.05"]
[EventRounds "9"]
[EventCountry "GRE"]

1. e4 e6 2. d4 d5 3. e5 c5 4. c3 Nc6 5. Nf3 Bd7 6. a3 c4 7. Be2 Na5 8. Nbd2 Bc6
9. O-O Qd7 10. Qe1 Ba4 11. Bd1 Ne7 12. Rb1 h6 13. h3 Nc8 14. Qe2 Nb6 15. Re1
Be7 16. Bxa4 Qxa4 17. Nf1 O-O-O 18. Bf4 g5 19. Be3 Rdg8 20. N3d2 h5 21. g3 Nd7
22. Rec1 Nb6 23. Kh2 Kb8 24. f4 Qe8 25. fxg5 Bxg5 26. Bxg5 Rxg5 27. Nf3 Rg7 28.
Ne3 Rh6 29. Rg1 Qg8 30. h4 Nd7 31. Rbf1 Nc6 32. Ng5 f6 33. exf6 Nxf6 34. Qf3
Kc8 35. Qf4 Rhg6 36. Re1 Kd7 37. Rg2 Nh7 38. Nxd5 exd5 39. Qf5+ Kd6 40. Qf4+
Kd7 41. Qf5+ Kc7 42. Ne6+ Rxe6 43. Rxe6 Qd8 44. Rge2 Qd7 45. Qxh5 Rf7 46. Qh6
Nf8 47. Re8 Qf5 48. Qh8 Nd7 49. Qh6 Nf6 50. Qf4+ Qxf4 51. gxf4 Nxe8 52. Rxe8
0-1

[Event "Corfu Chess Festival 2009"]
[Site "Municipal Theatre of Kerkyra, "]
[Date "2009.09.09"]
[Round "5.1"]
[White "Delithanasis, Dimitrios"]
[Black "Pountzas, Hrisanthos"]
[Result "1-0"]
[WhiteElo "2244"]
[BlackElo "2168"]
[PlyCount "147"]
[EventDate "2009.09.05"]
[EventRounds "9"]
[EventCountry "GRE"]

1. Nf3 c5 2. c4 g6 3. Nc3 Bg7 4. g3 Nc6 5. Bg2 e5 6. d3 Nge7 7. Nd2 d6 8. Nf1
O-O 9. Ne3 Rb8 10. O-O a6 11. a4 Nd4 12. Ned5 Nxd5 13. cxd5 b5 14. e3 Nf5 15.
axb5 axb5 16. Bd2 b4 17. Ne2 Bd7 18. Qb3 Ra8 19. e4 Ne7 20. Rfb1 Qb6 21. Ra2
Ra6 22. Rba1 Rfa8 23. Nc1 Bb5 24. Bf1 Bf6 25. Be3 Qb7 26. f3 Qc8 27. Kf2 R8a7
28. Ke1 Kg7 29. Kd2 h6 30. Rxa6 Rxa6 31. Rxa6 Qxa6 32. Qa2 Qxa2 33. Nxa2 Bg5
34. Bxg5 hxg5 35. Nc1 Ba4 36. Be2 f5 37. Bd1 Bb5 38. Nb3 Kf6 39. Na5 Nc8 40.
Nb7 Ke7 41. Bb3 Nb6 42. Na5 Kd7 43. Ke3 f4+ 44. Kd2 Nc8 45. Bc4 Bxc4 46. Nxc4
Ne7 47. g4 Nc8 48. Kc2 Kc7 49. Kb3 Kb7 50. Na5+ Kc7 51. Nc6 Kd7 52. Kc4 Kc7 53.
Kb5 Kd7 54. Ka6 Kc7 55. b3 Nb6 56. Na5 Nd7 57. Nc4 Nb8+ 58. Ka7 Nd7 59. Nb2 Nf6
60. Nd1 Nd7 61. Nf2 Nb6 62. Ka6 Nc8 63. Nh3 Nb6 64. Kb5 Nd7 65. Nxg5 Nf6 66. h3
Kb7 67. Nf7 Kc7 68. g5 Nh7 69. h4 Nf8 70. Nh6 Kb7 71. Ng4 Kc7 72. Nf6 Kd8 73.
Kb6 Ke7 74. Kc7 1-0

[Event "Corfu Chess Festival 2009"]
[Site "Municipal Theatre of Kerkyra, "]
[Date "2009.09.09"]
[Round "5.1"]
[White "Skiadopoulos, Nikolaos"]
[Black "Skalkotas, Nikolaos"]
[Result "1/2-1/2"]
[WhiteElo "2137"]
[BlackElo "2202"]
[PlyCount "86"]
[EventDate "2009.09.05"]
[EventRounds "9"]
[EventCountry "GRE"]

1. e4 c6 2. d4 d5 3. e5 c5 4. dxc5 e6 5. Be3 Nd7 6. Bb5 Qc7 7. b4 Qxe5 8. Nd2
Ne7 9. Ngf3 Qc7 10. Bd4 Nc6 11. Bxc6 bxc6 12. O-O Be7 13. Re1 O-O 14. Nf1 Bf6
15. Bxf6 Nxf6 16. Ng3 Bd7 17. Qd4 a5 18. a3 Rfb8 19. c3 Be8 20. h3 Nd7 21. Rad1
axb4 22. axb4 Nf8 23. Qg4 f6 24. Nd4 e5 25. Ndf5 Ra3 26. Rc1 Ng6 27. Nh5 Bd7
28. Nhxg7 d4 29. h4 Kh8 30. h5 Nf4 31. Qh4 Qd8 32. h6 Rxc3 33. Ra1 d3 34. Nd6
Qf8 35. g3 d2 36. Red1 Rxb4 37. Ra8 Qxa8 38. Qxf6 Nd5 39. Qxe5 Qf8 40. Nge8+
Kg8 41. Qg5+ Kh8 42. Qe5+ Kg8 43. Qg5+ Kh8 1/2-1/2

[Event "Corfu Chess Festival 2009"]
[Site "Municipal Theatre of Kerkyra, "]
[Date "2009.09.09"]
[Round "5.1"]
[White "Stiri, Alexandra"]
[Black "Akstinat, Sven-Holger"]
[Result "1-0"]
[WhiteElo "2198"]
[BlackElo "2128"]
[PlyCount "53"]
[EventDate "2009.09.05"]
[EventRounds "9"]
[EventCountry "GRE"]

1. e4 c6 2. d4 d5 3. Nd2 dxe4 4. Nxe4 Bf5 5. Ng3 Bg6 6. h4 h6 7. Nf3 Nd7 8. h5
Bh7 9. Bd3 Bxd3 10. Qxd3 e6 11. Bf4 Qa5+ 12. Bd2 Qc7 13. O-O-O Ngf6 14. Ne4 Be7
15. c4 O-O-O 16. g3 Nxe4 17. Qxe4 Nf6 18. Qc2 Ng4 19. Bc3 Rhg8 20. Kb1 Rd7 21.
Rhe1 Rdd8 22. d5 exd5 23. cxd5 cxd5 24. Qa4 Qd7 25. Qxa7 Qf5+ 26. Ka1 Bd6 27.
Rc1 1-0

[Event "Corfu Chess Festival 2009"]
[Site "Municipal Theatre of Kerkyra, "]
[Date "2009.09.09"]
[Round "5.1"]
[White "Wempe, Juergen"]
[Black "Tsintsar, Zoran"]
[Result "1-0"]
[WhiteElo "2176"]
[BlackElo "1973"]
[PlyCount "45"]
[EventDate "2009.09.05"]
[EventRounds "9"]
[EventCountry "GRE"]

1. d4 d5 2. Bf4 e6 3. Nd2 g5 4. Be5 f6 5. Bg3 h5 6. h4 g4 7. e3 Bd6 8. Ne2 Ne7
9. c4 Nbc6 10. Qc2 Nf5 11. Bxd6 Qxd6 12. g3 e5 13. dxe5 fxe5 14. cxd5 Qxd5 15.
Ne4 O-O 16. N2c3 Nb4 17. Qa4 Nd3+ 18. Ke2 Nc5 19. Nf6+ Rxf6 20. Qe8+ Kg7 21.
Nxd5 Rd6 22. Qxe5+ Kf7 23. Nxc7 1-0

[Event "Corfu Chess Festival 2009"]
[Site "Municipal Theatre of Kerkyra, "]
[Date "2009.09.09"]
[Round "5.1"]
[White "Simeonidis, Ioannis"]
[Black "Ioannidis, Evgenios"]
[Result "1-0"]
[WhiteElo "2260"]
[BlackElo "1683"]
[PlyCount "55"]
[EventDate "2009.09.05"]
[EventRounds "9"]
[EventCountry "GRE"]

1. Nf3 Nf6 2. c4 e6 3. Nc3 Bb4 4. Qc2 O-O 5. a3 Bxc3 6. Qxc3 c5 7. e3 b6 8. Be2
Bb7 9. O-O d6 10. b4 Nbd7 11. Bb2 Rc8 12. d4 Ne4 13. Qd3 f5 14. Rfd1 Ndf6 15.
dxc5 dxc5 16. Qxd8 Rfxd8 17. Ne5 Nd6 18. f3 Kf8 19. Kf1 Nf7 20. Ke1 Nxe5 21.
Bxe5 Ke7 22. b5 g6 23. a4 Nd7 24. Bd6+ Kf6 25. a5 h5 26. axb6 Nxb6 27. Rxa7 Rd7
28. h4 1-0

[Event "Corfu Chess Festival 2009"]
[Site "Municipal Theatre of Kerkyra, "]
[Date "2009.09.09"]
[Round "5.1"]
[White "Marek, Herbert"]
[Black "Trifonas, Spyridon"]
[Result "1/2-1/2"]
[WhiteElo "1915"]
[BlackElo "2225"]
[PlyCount "59"]
[EventDate "2009.09.05"]
[EventRounds "9"]
[EventCountry "GRE"]

1. d4 Nf6 2. c4 d6 3. Nc3 Nbd7 4. e4 e5 5. Bg5 Be7 6. Nf3 O-O 7. Be2 Re8 8. O-O
c6 9. Qc2 Qc7 10. Rfd1 a6 11. Rac1 Qb8 12. a3 h6 13. Bh4 b5 14. b4 Nf8 15. dxe5
dxe5 16. c5 a5 17. Bxf6 gxf6 18. Qd2 Kh7 19. Nh4 Ng6 20. Nf5 Bf8 21. g3 axb4
22. axb4 Be6 23. Qb2 Qc7 24. Nd6 Red8 25. Nf5 Qa7 26. Kg2 Rxd1 27. Nxd1 Qa2 28.
Rb1 Qxb2 29. Rxb2 Ra3 30. Nde3 1/2-1/2

[Event "Corfu Chess Festival 2009"]
[Site "Municipal Theatre of Kerkyra, "]
[Date "2009.09.10"]
[Round "6.1"]
[White "Banikas, Hristos"]
[Black "Rotstein, Arkadij"]
[Result "1-0"]
[WhiteElo "2599"]
[BlackElo "2538"]
[PlyCount "105"]
[EventDate "2009.09.05"]
[EventRounds "9"]
[EventCountry "GRE"]

1. Nf3 Nf6 2. c4 b6 3. Nc3 Bb7 4. g3 Bxf3 5. exf3 e6 6. d4 d5 7. Bg2 c6 8. Qe2
Be7 9. O-O O-O 10. f4 Re8 11. Be3 Nbd7 12. f5 exf5 13. cxd5 cxd5 14. Nxd5 Ne4
15. Bxe4 fxe4 16. Bf4 Rc8 17. Qxe4 Nf6 18. Nxe7+ Rxe7 19. Qf5 Nd5 20. Bg5 Qd7
21. Qd3 Re6 22. Rac1 Rec6 23. Rxc6 Rxc6 24. Re1 h6 25. Bd2 Re6 26. Rxe6 Qxe6
27. f3 Qc6 28. b3 b5 29. Kf2 a6 30. Qe4 f6 31. g4 Kf7 32. h4 Qe6 33. h5 Ne7 34.
Bf4 Qd5 35. Ke3 Qd7 36. Kd3 Nd5 37. Bd2 Qd6 38. f4 Ne7 39. g5 hxg5 40. fxg5
fxg5 41. Bxg5 Qg3+ 42. Be3 Qd6 43. Qf3+ Qf6 44. Qxf6+ Kxf6 45. Bf4 Nd5 46. Be5+
Kg5 47. Bxg7 Kxh5 48. Ke4 Nc3+ 49. Kf5 a5 50. a3 a4 51. b4 Nd5 52. Be5 Nb6 53.
Ke6 1-0

[Event "Corfu Chess Festival 2009"]
[Site "Municipal Theatre of Kerkyra, "]
[Date "2009.09.10"]
[Round "6.1"]
[White "Romanishin, Oleg M"]
[Black "Karpatchev, Aleksandr"]
[Result "1/2-1/2"]
[WhiteElo "2515"]
[BlackElo "2477"]
[PlyCount "55"]
[EventDate "2009.09.05"]
[EventRounds "9"]
[EventCountry "GRE"]

1. Nf3 d5 2. g3 Nc6 3. d4 Bg4 4. Bg2 e6 5. O-O Bd6 6. c4 Nf6 7. Nc3 O-O 8. Bg5
dxc4 9. Rc1 Be7 10. Ne5 Nxe5 11. dxe5 Nd7 12. Bxe7 Qxe7 13. Qd4 Bh5 14. Bxb7
Rab8 15. Bc6 Nb6 16. Rfd1 Rfd8 17. Qe3 h6 18. a3 Bg6 19. h4 a6 20. f4 Nd7 21.
Rd2 Nc5 22. Rcd1 Rxd2 23. Rxd2 Nb3 24. Rd7 Qc5 25. Qxc5 Nxc5 26. Rd4 Nb3 27.
Rxc4 Na5 28. Rc5 1/2-1/2

[Event "Corfu Chess Festival 2009"]
[Site "Municipal Theatre of Kerkyra, "]
[Date "2009.09.10"]
[Round "6.1"]
[White "Gazis, Efstathios"]
[Black "Delithanasis, Dimitrios"]
[Result "1/2-1/2"]
[WhiteElo "2295"]
[BlackElo "2244"]
[PlyCount "85"]
[EventDate "2009.09.05"]
[EventRounds "9"]
[EventCountry "GRE"]

1. e4 e5 2. Nf3 Nc6 3. Bb5 a6 4. Ba4 Nf6 5. O-O Be7 6. Re1 b5 7. Bb3 d6 8. a4
b4 9. a5 O-O 10. d3 Bg4 11. Nbd2 Nd4 12. Bc4 Qd7 13. h3 Nxf3+ 14. Nxf3 Be6 15.
Bxe6 Qxe6 16. d4 c5 17. d5 Qd7 18. Nd2 Rab8 19. Nc4 Bd8 20. f4 exf4 21. Bxf4
Bc7 22. Qf3 Ne8 23. e5 dxe5 24. Bxe5 Bxe5 25. Nxe5 Qd6 26. Nc4 Qc7 27. Rad1 Nd6
28. Qg3 Rbd8 29. Ne5 Nb7 30. Qd3 Nxa5 31. d6 Qb6 32. Qd5 c4+ 33. Kh1 Qb5 34. d7
Qxd5 35. Rxd5 f6 36. Nf3 Nc6 37. Re4 c3 38. bxc3 bxc3 39. Rc4 Nb8 40. Rc7 Rf7
41. Rc8 Rff8 42. Rc7 Rf7 43. Rc8 1/2-1/2

[Event "Corfu Chess Festival 2009"]
[Site "Municipal Theatre of Kerkyra, "]
[Date "2009.09.10"]
[Round "6.1"]
[White "Skembris, Spyridon"]
[Black "Stiri, Alexandra"]
[Result "1-0"]
[WhiteElo "2474"]
[BlackElo "2198"]
[PlyCount "75"]
[EventDate "2009.09.05"]
[EventRounds "9"]
[EventCountry "GRE"]

1. c4 Nf6 2. Nf3 g6 3. g3 Bg7 4. Bg2 O-O 5. O-O d6 6. d4 Nc6 7. Nc3 a6 8. Bg5
h6 9. Bd2 e5 10. d5 Na5 11. Qa4 b6 12. Rfd1 Bd7 13. Qb4 Re8 14. b3 e4 15. Nd4
Ng4 16. e3 f5 17. Nce2 Ne5 18. Nf4 Qe7 19. Qa3 g5 20. Nfe6 Bxe6 21. Nxe6 Bf6
22. Bxa5 bxa5 23. Qxa5 Rec8 24. Nd4 Nf3+ 25. Bxf3 exf3 26. Rac1 Qe4 27. Qd2 Qg4
28. Qe1 f4 29. exf4 Re8 30. Ne6 gxf4 31. Qe4 Be5 32. Rd3 c6 33. Rxf3 Rac8 34.
Rf1 cxd5 35. cxd5 h5 36. h3 Qxh3 37. gxf4 Qh4 38. Qg6+ 1-0